000 00337nam a22001457a 4500
005 20160617170425.0
008 160617b xxu||||| |||| 00| 0 eng d
041 _aeng
082 _b8054
245 _aThe Employee state instunce act-1948
260 _bCommercial Law
_c2010
300 _a184
650 _aManagement
_9241
942 _cBK
999 _c3023
_d3022